Literary cultures and twenty-first century childhoods /

Bibliographic Details
Other Authors: Op de Beeck, Nathalie (Editor)
Format: Book
Language:English
Published: Cham, Switzerland : Palgrave Macmillan, [2020]
Series:Literary cultures and childhoods.
Subjects:

MARC

Tag First Indicator Second Indicator Subfields
LEADER 00000cam a2200000Ii 4500
001 in00004354635
008 190901s2020 xx 000 0 eng d
005 20250318222314.3
020 |a 9783030321451 
020 |a 3030321452 
020 |a 9783030321468  |q electronic book 
020 |a 3030321460  |q electronic book 
035 |a (OCoLC)on1114794413 
035 |a (OCoLC)1114794413 
040 |a YDX  |b eng  |e rda  |c YDX  |d BDX  |d OCLCQ  |d MEAUC  |d UtOrBLW 
050 4 |a PN56.5.C48  |b L58 2020 
245 0 0 |a Literary cultures and twenty-first century childhoods /  |c Nathalie op de Beeck, editor.. 
264 1 |a Cham, Switzerland :  |b Palgrave Macmillan,  |c [2020] 
336 |a text  |b txt  |2 rdacontent 
337 |a unmediated  |b n  |2 rdamedia 
338 |a volume  |b nc  |2 rdacarrier 
490 1 |a Literary cultures and childhoods 
650 0 |a Literature, Modern  |y 21st century.  |0 http://id.loc.gov/authorities/subjects/sh99010783 
650 0 |a Children in literature.  |0 http://id.loc.gov/authorities/subjects/sh85023534 
650 0 |a Children's literature  |y 21st century. 
700 1 |a Op de Beeck, Nathalie,  |e editor.  |0 http://id.loc.gov/authorities/names/n2008058747 
830 0 |a Literary cultures and childhoods. 
852 8 |b pda,print  |z This title is available for the library to purchase for your use. Click the "Purchase It For Me" button to place a request. This item may take 5-10 business days to arrive. 
955 |a Print PDA title 
961 |m 565730 
999 f f |s 05621ab6-c1f3-47e3-8f6c-9c030097e1b0  |i a5bd98c0-8682-3231-9870-e1d7cbc93882  |t 0 
952 f f |a Texas A&M University  |b College Station  |c Sterling C. Evans Library  |d Purchase on Demand  |t 0  |e PN56.5.C48 L58 2020  |h Library of Congress classification 
998 f f |a PN56.5.C48 L58 2020  |t 0  |l Purchase on Demand